000 00496nam a2200193 a 4500
001 1756183914534
003 ACL
005 20250826102344.0
008 250826s1995##################000#0#eng##
020 _a9780486285726
082 0 4 _a746.434041
_bWAL
100 1 _aWaldrep, Mary Carolyn,
_eauthor.
245 1 0 _a150 Favorite Crochet Designs :
260 _bCourier Corporation,
_c1995.
300 _a131 pages
650 0 _aCrafts & Hobbies.
942 _cENGLISH
040 _aACL
_beng
_cACL
999 _c583940
_d583940